000 01281aam a2200325 4500
001 19997
003 CO-MdFUSB
005 20190202100451.0
008 170605t1988 enk||||f |||| 00| 0 eng d
020 _a0-19-826670-7
040 _aCO-MdFUSB
_bspa
_cCO-MdFUSB
_dCO-MdFUSB
_erda
041 _aeng
082 _224
_aG 232.1
_bC652c
100 1 _aCoakley, Sarah
_eautor
245 1 0 _aChrist without absolutes
_b: A study of the christology of Ernst Troeltsch
_c/ Sarah Coakley
264 1 _aOxford, England :
_bClarendon Press,
_c℗1988
264 4 _c©1988
300 _a214 páginas
_b:
_c;
336 _2rdacontent
_a1
_ba1
337 _2rdamedia
_a2
_b5
338 _2rdacarrier
_a2
_b5
501 _aIncluye índice (p. 211-214)
504 _aBibliografía (p. 198- 209)
505 0 0 _aLa naturaleza del relativismo de Troeltsch - La cristología de los primeros escritos de Troeltsch - Troeltsch sobre Dios, la redención y la revelación - Troeltsch y el caso acumulado contra la cristología de encarnación - Troeltsch sobre el Jesús histórico - Troeltsch y los muchos Cristos - El legado de la cristología de Troeltsch
563 _aPasta dura
650 7 _9239
_aCristología
650 7 _aEncarnación
_2
_9399
942 _cBK
999 _c46351
_d46351